000 00626nam a22002177a 4500
003 UA-OsUOA
001 68542
007 ta
008 20100429b un ||||| |||| 00| 0 ukr d
100 _aВонсович О.
090 _a32
_bВ73
942 _cSA
040 _aUA-OsUOA
_bukr
_cUA-OsUOA
_dUA-OsUOA
245 _aМоделі інтеграції України до Європейського Союзу та механізми інтеграції до НАТО
300 _aС.5-8
955 _a0
041 _aukr
080 _a32
773 0 _w68541
_tВіче
_dК.
_d2010
_g8
650 7 _a32 Політика
_2UDC
999 _c354800
_d354800